[Event "North American-ch U20"]
[Site "Calgary"]
[Date "2024.08.17"]
[Round "7"]
[White "Chen, Max"]
[Black "Vettese, Nicholas"]
[Result "1/2-1/2"]
[WhiteElo "2177"]
[BlackElo "2333"]
[PlyCount "124"]
[EventDate "2024.08.14"]
[EventType "swiss"]
[EventRounds "9"]
[EventCountry "CAN"]
[SourceTitle "CB34_2024"]
[SourceDate "2024.08.21"]
[SourceVersion "1"]
[SourceVersionDate "2024.08.21"]
[SourceQuality "1"]

1. e4 c5 2. c3 d6 3. d4 Nf6 4. Bd3 g6 5. h3 Bg7 6. Nf3 0-0 7. 0-0 Nc6 8. d5 Na5 9. Qe2 e6 10. dxe6 Bxe6 11. c4 a6 12. Nc3 b5 13. cxb5 axb5 14. Bxb5 Nb3 15. Rb1 Nd4 16. Nxd4 cxd4 17. Nd5 Nxd5 18. exd5 Bxd5 19. a3 Qb6 20. b4 Qb7 21. f3 Ba2 22. Qxa2 Qxb5 23. Rd1 Rfe8 24. Qb3 Re2 25. Qd3 Re1+ 26. Kf2 Qxd3 27. Rxd3 Rae8 28. b5 R8e2+ 29. Kg3 Rg1 30. f4 f5 31. Kf3 Rc2 32. b6 Rf1+ 33. Kg3 Rfxc1 34. Rxc1 Rxc1 35. Rb3 Rc8 36. a4 Kf7 37. b7 Rb8 38. a5 d3 39. a6 Bd4 40. Rxd3 Ba7 41. Rxd6 Ke7 42. Rd1 Rd8 43. Rc1 Kd7 44. Rd1+ Kc7 45. Rc1+ Kb8 46. Kh4 Be3 47. Rc8+ Rxc8 48. bxc8R+ Kxc8 49. Kg5 Kd7 50. Kh6 Ke6 51. Kxh7 Kf6 52. h4 Kf7 53. g3 Kf6 54. Kh6 Bc5 55. h5 gxh5 56. Kxh5 Bb6 57. Kh4 Kg6 58. g4 fxg4 59. Kxg4 Kf6 60. a7 Bxa7 61. f5 Bb6 62. Kf3 Kxf5 1/2-1/2

[Event "Dulles Atlantic"]
[Site "Dulles"]
[Date "2024.07.04"]
[Round "9"]
[White "Vettese, Nicholas"]
[Black "Sinha, Sahil"]
[Result "0-1"]
[WhiteElo "2296"]
[BlackElo "2321"]
[PlyCount "102"]
[EventDate "2024.06.29"]
[EventType "tourn"]
[EventRounds "9"]
[EventCountry "USA"]
[EventCategory "5"]
[SourceTitle "CB28_2024"]
[SourceDate "2024.07.10"]
[SourceVersion "1"]
[SourceVersionDate "2024.07.10"]
[SourceQuality "1"]

1. e4 c5 2. Nf3 d6 3. d4 cxd4 4. Nxd4 Nf6 5. Nc3 Nc6 6. Bg5 e6 7. Qd2 a6 8. 0-0-0 Bd7 9. f3 Nxd4 10. Qxd4 Be7 11. Kb1 0-0 12. Be3 Bc6 13. g4 b5 14. g5 Nd7 15. h4 b4 16. Ne2 d5 17. Qd2 dxe4 18. Nd4 Bd5 19. fxe4 Bxe4 20. Bg2 Nc5 21. Qe2 Qd5 22. Nb3 Qc6 23. Bxc5 Bxg2 24. Bxe7 Bxh1 25. Bxf8 Rxf8 26. Nd4 Qb7 27. h5 Be4 28. h6 Qd5 29. Nb3 Bf3 30. Rxd5 Bxe2 31. Rd7 gxh6 32. gxh6 f5 33. Nd4 Bh5 34. Kc1 Rf6 35. Rg7+ Kh8 36. Re7 f4 37. Kd2 f3 38. Ke1 f2+ 39. Kf1 Rf4 40. c3 bxc3 41. bxc3 Bg6 42. Rxe6 Bd3+ 43. Ne2 Kg8 44. a3 Kf7 45. Re5 Kg6 46. Re6+ Kg5 47. Re3 Bc4 48. Rg3+ Kxh6 49. Rh3+ Kg5 50. Rh1 h5 51. a4 a5 0-1

[Event "Dulles Atlantic"]
[Site "Dulles"]
[Date "2024.07.01"]
[Round "5"]
[White "Gauri, Shankar"]
[Black "Vettese, Nicholas"]
[Result "1-0"]
[WhiteElo "2335"]
[BlackElo "2296"]
[PlyCount "93"]
[EventDate "2024.06.29"]
[EventType "tourn"]
[EventRounds "9"]
[EventCountry "USA"]
[EventCategory "5"]
[SourceTitle "CB28_2024"]
[SourceDate "2024.07.10"]
[SourceVersion "1"]
[SourceVersionDate "2024.07.10"]
[SourceQuality "1"]

1. Nf3 c5 2. e3 Nf6 3. d4 b6 4. c4 g6 5. Nc3 Bg7 6. d5 e6 7. e4 0-0 8. Be2 exd5 9. exd5 Re8 10. 0-0 d6 11. h3 Bf5 12. Nh4 Bd7 13. Nf3 Na6 14. Bd3 Nc7 15. Bf4 Qe7 16. Qd2 Qf8 17. Rae1 b5 18. b3 b4 19. Nb1 Nh5 20. Bh2 Bh6 21. Rxe8 Nxe8 22. Qd1 Nf4 23. Bc2 Nf6 24. Re1 N6h5 25. Nbd2 Qc8 26. Ne4 Bxh3 27. Bxf4 Bxf4 28. gxh3 Qxh3 29. Ned2 g5 30. Qe2 Qg4+ 31. Kh1 Nf6 32. Ne4 Qh3+ 33. Kg1 Ng4 34. Ng3 Nxf2 35. Nf5 h5 36. Qxf2 g4 37. N3h4 g3 38. Qg2 Qg4 39. Bd1 Qg5 40. Qf3 a5 41. Qxh5 Qxh5 42. Bxh5 a4 43. Re4 axb3 44. axb3 Ra1+ 45. Kg2 Ra2+ 46. Re2 Ra3 47. Re8+ 1-0

[Event "Montreal Maplewood Cup"]
[Site "Montreal"]
[Date "2024.06.02"]
[Round "6"]
[White "Vettese, Nicholas"]
[Black "Atanasov, Anthony"]
[Result "0-1"]
[WhiteElo "2276"]
[BlackElo "2407"]
[PlyCount "108"]
[EventDate "2024.05.31"]
[EventType "swiss"]
[EventRounds "6"]
[EventCountry "CAN"]
[SourceTitle "CB24_2024"]
[SourceDate "2024.06.12"]
[SourceVersion "1"]
[SourceVersionDate "2024.06.12"]
[SourceQuality "1"]

1. Nf3 d5 2. g3 Bf5 3. c4 dxc4 4. Na3 e5 5. Bg2 Bxa3 6. Qa4+ Qd7 7. Qxa3 Nc6 8. Qc5 f6 9. Qxc4 Nge7 10. 0-0 h5 11. b4 Be6 12. Qc5 b6 13. Qc3 Nd5 14. Qb2 Bh3 15. Bxh3 Qxh3 16. Qc2 Qe6 17. b5 e4 18. bxc6 exf3 19. Qg6+ Kf8 20. exf3 Rh6 21. Ba3+ Kg8 22. Qe4 f5 23. Qd3 Qf7 24. Rfe1 Re6 25. Rxe6 Qxe6 26. Bb2 Re8 27. Rc1 Qf7 28. f4 h4 29. Be5 a5 30. a3 h3 31. f3 g5 32. Kf2 Kh7 33. Rg1 Re7 34. Bb2 Kg6 35. fxg5 Qe6 36. Rc1 Kxg5 37. f4+ Kh6 38. Qf1 Kg6 39. Be5 Nf6 40. Kg1 Ng4 41. Qxh3 Rh7 42. Qf1 Rxh2 43. Qc4 Qxc4 44. Rxc4 Rxd2 45. Rc3 Nxe5 46. fxe5 Kf7 47. Rf3 Ke6 48. g4 fxg4 49. Rf6+ Kxe5 50. Rf7 Ra2 51. Rxc7 Kd6 52. Rc8 Rxa3 53. Kf2 g3+ 54. Kg2 Rc3 0-1

[Event "Montreal Maplewood Cup"]
[Site "Montreal"]
[Date "2024.06.01"]
[Round "4"]
[White "Noritsyn, Nikolay"]
[Black "Vettese, Nicholas"]
[Result "1-0"]
[WhiteElo "2450"]
[BlackElo "2276"]
[PlyCount "89"]
[EventDate "2024.05.31"]
[EventType "swiss"]
[EventRounds "6"]
[EventCountry "CAN"]
[SourceTitle "CB24_2024"]
[SourceDate "2024.06.12"]
[SourceVersion "1"]
[SourceVersionDate "2024.06.12"]
[SourceQuality "1"]

1. e4 c5 2. Nf3 d6 3. d4 cxd4 4. Nxd4 Nf6 5. Nc3 a6 6. Be3 e6 7. a3 b5 8. g4 Bb7 9. Bg2 Nfd7 10. g5 Nc6 11. h4 Be7 12. f4 Na5 13. f5 e5 14. f6 gxf6 15. Nf5 Nc4 16. Bc1 fxg5 17. hxg5 Rg8 18. b3 Qa5 19. Rh3 b4 20. bxc4 bxc3 21. Rb1 Bc6 22. Be3 Qc7 23. Rxh7 Nf8 24. Rg7 Rh8 25. Qf3 0-0-0 26. Bb6 Qb7 27. Rxf7 Ng6 28. Nxe7+ Nxe7 29. Qf6 Rde8 30. Qxd6 Qd7 31. Bc5 Qxd6 32. Bxd6 Rh2 33. Bf3 Kd7 34. Rd1 Rd2 35. c5 Rxd1+ 36. Kxd1 Ba4 37. Bh5 Rh8 38. Bg4+ Kc6 39. Rxe7 Rh1+ 40. Ke2 Rh2+ 41. Ke3 Bxc2 42. Bd7+ Kb7 43. Bb5+ Kc8 44. Bxa6+ Kd8 45. c6 1-0

[Event "Montreal Maplewood Cup"]
[Site "Montreal"]
[Date "2024.06.01"]
[Round "3"]
[White "Vettese, Nicholas"]
[Black "Han, Johnathan"]
[Result "1-0"]
[WhiteElo "2276"]
[BlackElo "2357"]
[PlyCount "69"]
[EventDate "2024.05.31"]
[EventType "swiss"]
[EventRounds "6"]
[EventCountry "CAN"]
[SourceTitle "CB24_2024"]
[SourceDate "2024.06.12"]
[SourceVersion "1"]
[SourceVersionDate "2024.06.12"]
[SourceQuality "1"]

1. e4 c5 2. Nf3 d6 3. d4 cxd4 4. Nxd4 Nf6 5. Nc3 a6 6. h3 e5 7. Nde2 h5 8. g3 Be6 9. Bg2 Be7 10. 0-0 b5 11. a4 b4 12. Nd5 Nxd5 13. exd5 Bf5 14. f4 exf4 15. Nxf4 0-0 16. Nxh5 Bg6 17. Nf4 Bh7 18. Qg4 Qc8 19. Ne6 fxe6 20. Bh6 Rxf1+ 21. Rxf1 Bf8 22. dxe6 Ra7 23. Kh2 Qe8 24. Bd5 Kh8 25. Qf4 gxh6 26. Qxf8+ Qxf8 27. Rxf8+ Kg7 28. Rxb8 Rc7 29. Rxb4 Rxc2+ 30. Kg1 Bg6 31. Rg4 Re2 32. Bc4 Re5 33. Bd3 Rxe6 34. b4 h5 35. Rxg6+ 1-0

[Event "Montreal Maplewood Cup"]
[Site "Montreal"]
[Date "2024.05.31"]
[Round "1"]
[White "Vettese, Nicholas"]
[Black "Gao, Heye"]
[Result "1-0"]
[WhiteElo "2276"]
[BlackElo "1942"]
[PlyCount "83"]
[EventDate "2024.05.31"]
[EventType "swiss"]
[EventRounds "6"]
[EventCountry "CAN"]
[SourceTitle "CB24_2024"]
[SourceDate "2024.06.12"]
[SourceVersion "1"]
[SourceVersionDate "2024.06.12"]
[SourceQuality "1"]

1. e4 e5 2. Nf3 Nc6 3. d4 exd4 4. Nxd4 Nf6 5. Nc3 Bb4 6. Nxc6 bxc6 7. Bd3 d5 8. exd5 cxd5 9. 0-0 0-0 10. Bg5 c6 11. h3 h6 12. Bh4 Be6 13. Qf3 Be7 14. Rfe1 Rb8 15. Ne2 Rxb2 16. Nd4 Qd7 17. Bf5 Bxf5 18. Nxf5 Bd8 19. Nxh6+ Kh7 20. Qa3 Ba5 21. Qxf8 Bb4 22. Qxf7 Bxe1 23. Rxe1 Qxf7 24. Nxf7 Rxc2 25. Ng5+ Kg6 26. g4 d4 27. f4 d3 28. f5+ Kh6 29. Nf3 Kh7 30. Rd1 Ne4 31. Rxd3 Rxa2 32. Ng5+ Nxg5 33. Bxg5 Rb2 34. Rd7 Kg8 35. Rxa7 Rb3 36. Kg2 Rb8 37. Rc7 Rf8 38. Rxc6 Rf7 39. Bf4 Rf8 40. Kf3 Rf7 41. Be5 Rf8 42. Rc7 1-0

[Event "Toronto Ontario op"]
[Site "Toronto"]
[Date "2024.05.19"]
[Round "3"]
[White "Sambuev, Bator"]
[Black "Vettese, Nicholas"]
[Result "0-1"]
[WhiteElo "2455"]
[BlackElo "2247"]
[PlyCount "80"]
[EventDate "2024.05.18"]
[EventType "swiss"]
[EventRounds "6"]
[EventCountry "CAN"]
[SourceTitle "CB22_2024"]
[SourceDate "2024.05.29"]
[SourceVersion "1"]
[SourceVersionDate "2024.05.29"]
[SourceQuality "1"]

1. d4 d5 2. c4 c6 3. Nf3 Nf6 4. e3 g6 5. Nc3 Bg7 6. Bd3 0-0 7. 0-0 Nbd7 8. Qe2 dxc4 9. Bxc4 c5 10. d5 Nb6 11. Bb3 c4 12. Bxc4 Nxc4 13. Qxc4 a6 14. e4 b5 15. Qb3 a5 16. e5 a4 17. Qd1 Ng4 18. Bf4 b4 19. Nxa4 Ra5 20. h3 Rxd5 21. Qb3 Rd3 22. Qxb4 Rxf3 23. gxf3 Nxe5 24. Bxe5 Bxe5 25. Rfe1 Bd6 26. Qh4 Bb7 27. Re3 g5 28. Qh5 Bf4 29. Rb3 Bc6 30. Nc3 Kh8 31. Rd1 Qa8 32. Rd3 f5 33. Rb4 Be8 34. Qh6 Rf6 35. Qxf6+ exf6 36. Rbd4 Kg7 37. Rd8 Qc6 38. Nd5 Qc1+ 39. Kg2 Bb5 40. Rd1 Qxd1 0-1

[Event "Toronto Candidates Blitz op"]
[Site "Toronto"]
[Date "2024.04.08"]
[Round "9"]
[White "Keleberda, Timur"]
[Black "Vettese, Nicholas"]
[Result "0-1"]
[WhiteElo "2212"]
[BlackElo "2206"]
[PlyCount "70"]
[EventDate "2024.04.08"]
[EventType "swiss (blitz)"]
[EventRounds "9"]
[EventCountry "CAN"]
[SourceTitle "CB16_2024"]
[SourceDate "2024.04.17"]
[SourceVersion "1"]
[SourceVersionDate "2024.04.17"]
[SourceQuality "1"]

1. e4 c5 2. Nf3 e6 3. Bd3 d5 4. exd5 exd5 5. 0-0 Nf6 6. Bb5+ Nbd7 7. Re1+ Be7 8. Qe2 a6 9. Bd3 Nf8 10. c3 Ne6 11. Bf5 d4 12. d3 h6 13. Bh3 0-0 14. Na3 b5 15. Ne5 Qc7 16. Ng6 Re8 17. Nxe7+ Rxe7 18. Qf3 Bb7 19. Qg3 Rae8 20. Bxe6 Qc6 21. Bxh6 Nh5 22. Qg4 Rxe6 23. Rxe6 Rxe6 24. Bg5 Rg6 25. h4 f6 26. f3 fxg5 27. Qxh5 gxh4 28. Kf2 dxc3 29. bxc3 Qf6 30. Re1 Bc6 31. Qxc5 Rxg2+ 32. Ke3 Qxf3+ 33. Kd4 Rg4+ 34. Re4 Rxe4+ 35. dxe4 Qxe4# 0-1

[Event "Toronto Candidates Blitz op"]
[Site "Toronto"]
[Date "2024.04.08"]
[Round "7"]
[White "Puri, Vinny"]
[Black "Vettese, Nicholas"]
[Result "0-1"]
[WhiteElo "2214"]
[BlackElo "2206"]
[PlyCount "42"]
[EventDate "2024.04.08"]
[EventType "swiss (blitz)"]
[EventRounds "9"]
[EventCountry "CAN"]
[SourceTitle "CB16_2024"]
[SourceDate "2024.04.17"]
[SourceVersion "1"]
[SourceVersionDate "2024.04.17"]
[SourceQuality "1"]

1. d4 Nf6 2. c4 g6 3. Nc3 Bg7 4. e4 d6 5. f3 0-0 6. Be3 c6 7. Qd2 a6 8. 0-0-0 b5 9. Kb1 Nbd7 10. Bh6 Rb8 11. Bxg7 Kxg7 12. e5 Ne8 13. h4 bxc4 14. h5 g5 15. Qxg5+ Kh8 16. Bxc4 Qa5 17. Nge2 dxe5 18. Qxe7 exd4 19. Rxd4 Nef6 20. Rhd1 Qb4 21. Bb3 Qxe7 0-1

[Event "Toronto Candidates Blitz op"]
[Site "Toronto"]
[Date "2024.04.08"]
[Round "6"]
[White "Vettese, Nicholas"]
[Black "Gavrilin, Roman"]
[Result "0-1"]
[WhiteElo "2206"]
[BlackElo "2185"]
[PlyCount "114"]
[EventDate "2024.04.08"]
[EventType "swiss (blitz)"]
[EventRounds "9"]
[EventCountry "CAN"]
[SourceTitle "CB16_2024"]
[SourceDate "2024.04.17"]
[SourceVersion "1"]
[SourceVersionDate "2024.04.17"]
[SourceQuality "1"]

1. e4 c5 2. Nf3 d6 3. d4 cxd4 4. Nxd4 Nf6 5. Nc3 a6 6. Nb3 e6 7. g4 b5 8. Bg2 Bb7 9. g5 Nfd7 10. f4 Nc6 11. h4 Qc7 12. Be3 Nb6 13. Qe2 Nc4 14. a4 Nxe3 15. Qxe3 b4 16. Ne2 Na5 17. Nxa5 Qxa5 18. h5 Rc8 19. 0-0 Qc5 20. Qxc5 Rxc5 21. c3 bxc3 22. Nxc3 h6 23. g6 Rxh5 24. gxf7+ Kxf7 25. Rac1 Be7 26. Ne2 Rc5 27. Rxc5 dxc5 28. f5 exf5 29. Rxf5+ Ke8 30. Nf4 Rf8 31. Ne6 Rf7 32. Nc7+ Kf8 33. Ne6+ Kg8 34. Kf2 Rxf5+ 35. exf5 Bxg2 36. Kxg2 Kf7 37. Nc7 a5 38. Nd5 Bf6 39. b3 Bd4 40. Kf3 g6 41. fxg6+ Kxg6 42. Ne7+ Kg5 43. Nc6 Bc3 44. Nd8 Kf5 45. Nb7 Bb4 46. Nd6+ Ke5 47. Nb5 h5 48. Ke3 h4 49. Kf3 h3 50. Kg3 Ke4 51. Kxh3 Kd3 52. Kg3 Kc2 53. Kf3 Kxb3 54. Ke2 Kxa4 55. Nd6 Kb3 56. Kd1 a4 57. Kc1 a3 0-1

[Event "Canadian zt"]
[Site "Toronto"]
[Date "2024.04.01"]
[Round "8"]
[White "Vettese, Nicholas"]
[Black "Panjwani, Raja"]
[Result "0-1"]
[WhiteElo "2206"]
[BlackElo "2468"]
[PlyCount "164"]
[EventDate "2024.03.27"]
[EventType "team-swiss"]
[EventRounds "10"]
[EventCountry "CAN"]
[SourceTitle "CB15_2024"]
[SourceDate "2024.04.10"]
[SourceVersion "1"]
[SourceVersionDate "2024.04.10"]
[SourceQuality "1"]

1. e4 d6 2. d4 Nf6 3. Nc3 e5 4. Nf3 Nbd7 5. h3 c6 6. g4 h6 7. Bg2 b5 8. 0-0 Be7 9. Ne2 Qc7 10. Ng3 g6 11. Be3 Nb6 12. b3 Bb7 13. Ne1 exd4 14. Qxd4 0-0-0 15. a4 bxa4 16. bxa4 Ba6 17. Nd3 Nfd7 18. Rab1 Bf6 19. Qb4 Nc4 20. Bc1 Qb6 21. Rd1 Qxb4 22. Nxb4 Bb7 23. e5 dxe5 24. Nxc6 Bxc6 25. Bxc6 Nc5 26. Rd5 Be7 27. Rxd8+ Rxd8 28. Bxh6 Kc7 29. Bg2 Na3 30. Re1 Nxc2 31. Rxe5 Bd6 32. Re2 Nd4 33. Rb2 Be5 34. Rb4 f5 35. Rc4 Kb6 36. Bg5 Rd7 37. Rb4+ Kc7 38. gxf5 gxf5 39. h4 f4 40. Rc4 Kb6 41. Ne4 Nce6 42. Nf6 Rg7 43. Nd5+ Ka5 44. Nxf4 Bxf4 45. Bf6 Rc7 46. Bd8 Ne2+ 47. Kf1 Nxd8 48. Rxc7 Bxc7 49. Kxe2 Kxa4 50. Bd5 Kb5 51. Kf3 Bb6 52. h5 Kc5 53. Ke4 Ba5 54. h6 Kd6 55. Ba2 Bc3 56. Kf5 Ke7 57. f4 Nf7 58. h7 Nd6+ 59. Kg4 Kf8 60. Kf3 Kg7 61. Bb1 Ne8 62. Ke3 Nf6 63. Kd3 Ba1 64. Kc4 Nxh7 65. Kb5 Nf6 66. Ka6 Bd4 67. f5 Nd5 68. Be4 Ne3 69. Bd3 Kf6 70. Be4 Nxf5 71. Bd3 Nd6 72. Bf1 Bb6 73. Be2 Ke5 74. Bf1 Kd4 75. Be2 Kc5 76. Bf1 Nc4 77. Bh3 Ne3 78. Bd7 Nd5 79. Ba4 Nc7+ 80. Kb7 a5 81. Bd1 Nd5 82. Bb3 Nc3 0-1

[Event "Canadian zt"]
[Site "Toronto"]
[Date "2024.03.31"]
[Round "7"]
[White "Thavandiran, Shiyam"]
[Black "Vettese, Nicholas"]
[Result "1/2-1/2"]
[WhiteElo "2347"]
[BlackElo "2206"]
[PlyCount "85"]
[EventDate "2024.03.27"]
[EventType "team-swiss"]
[EventRounds "10"]
[EventCountry "CAN"]
[SourceTitle "CB15_2024"]
[SourceDate "2024.04.10"]
[SourceVersion "1"]
[SourceVersionDate "2024.04.10"]
[SourceQuality "1"]

1. e4 c5 2. Nf3 d6 3. d4 cxd4 4. Nxd4 Nf6 5. Nc3 a6 6. a4 g6 7. Be2 Bg7 8. 0-0 Nc6 9. Be3 0-0 10. Qd2 Re8 11. Rfd1 Bd7 12. f3 Qc7 13. Nxc6 bxc6 14. a5 c5 15. Bc4 Reb8 16. Bg5 Be6 17. b3 Bxc4 18. bxc4 e6 19. Na4 Nd7 20. Ra2 Ra7 21. Bf4 Bd4+ 22. Kh1 Rab7 23. c3 Be5 24. Bxe5 Nxe5 25. Nb6 Nc6 26. h4 Nxa5 27. Qxd6 Qxd6 28. Rxd6 Rxb6 29. Rxb6 Rxb6 30. Rxa5 Rc6 31. e5 Kf8 32. Kh2 Ke7 33. Kg3 h6 34. Kf4 Kd7 35. h5 Kc7 36. hxg6 fxg6 37. Ra1 Rb6 38. Rh1 Rb2 39. Rxh6 Rxg2 40. Rh7+ Kd8 41. Rh8+ Kc7 42. Rh7+ Kd8 43. Rh8+ 1/2-1/2

[Event "Canadian zt"]
[Site "Toronto"]
[Date "2024.03.30"]
[Round "5"]
[White "Vettese, Nicholas"]
[Black "Cummings, David H"]
[Result "1-0"]
[WhiteElo "2206"]
[BlackElo "2333"]
[PlyCount "71"]
[EventDate "2024.03.27"]
[EventType "team-swiss"]
[EventRounds "10"]
[EventCountry "CAN"]
[SourceTitle "CB15_2024"]
[SourceDate "2024.04.10"]
[SourceVersion "1"]
[SourceVersionDate "2024.04.10"]
[SourceQuality "1"]

1. e4 c6 2. d4 d5 3. e5 Bf5 4. h4 h5 5. c4 e6 6. Nc3 Bb4 7. Qb3 a5 8. c5 b6 9. a3 Bxc3+ 10. Qxc3 Nd7 11. b4 axb4 12. axb4 Rxa1 13. Qxa1 bxc5 14. bxc5 Ne7 15. Be2 f6 16. exf6 gxf6 17. Nh3 e5 18. dxe5 fxe5 19. Nf4 Qb8 20. 0-0 Nf6 21. Bb2 d4 22. Re1 Kf7 23. Nd3 Ng6 24. Nxe5+ Nxe5 25. Bxd4 Neg4 26. Bc4+ Kg6 27. g3 Re8 28. Rd1 Ne5 29. Qc1 Nf3+ 30. Kg2 Be4 31. Bxf6 Nd2+ 32. f3 Bxf3+ 33. Kh2 Ne4 34. Rd6 Qb7 35. Bg7+ Nxd6 36. Qg5+ 1-0

[Event "Canadian zt"]
[Site "Toronto"]
[Date "2024.03.27"]
[Round "1"]
[White "Vettese, Nicholas"]
[Black "Ajith, Aayush"]
[Result "1-0"]
[WhiteElo "2206"]
[BlackElo "1959"]
[PlyCount "51"]
[EventDate "2024.03.27"]
[EventType "team-swiss"]
[EventRounds "10"]
[EventCountry "CAN"]
[SourceTitle "CB15_2024"]
[SourceDate "2024.04.10"]
[SourceVersion "1"]
[SourceVersionDate "2024.04.10"]
[SourceQuality "1"]

1. c4 Nf6 2. g3 e5 3. Bg2 Nc6 4. Nc3 Bb4 5. Nd5 Nxd5 6. cxd5 Ne7 7. Nf3 Bd6 8. e4 0-0 9. d4 f6 10. dxe5 Bxe5 11. Nxe5 fxe5 12. d6 Nc6 13. 0-0 cxd6 14. Qxd6 Qb6 15. Be3 Qxb2 16. Rfc1 Rf6 17. Qd5+ Kh8 18. Bf1 d6 19. Rab1 Qa3 20. Rxc6 Be6 21. Qxd6 Qa4 22. Rc7 Qxe4 23. Rcxb7 Bxa2 24. Rb8+ Bg8 25. Qd8 Rxb8 26. Rxb8 1-0

[Event "North American-ch U20"]
[Site "Dulles"]
[Date "2023.12.22"]
[Round "7"]
[White "Zhuang, Kyle"]
[Black "Vettese, Nicholas"]
[Result "0-1"]
[WhiteElo "1851"]
[BlackElo "2229"]
[PlyCount "58"]
[EventDate "2023.12.19"]
[EventType "swiss"]
[EventRounds "9"]
[EventCountry "USA"]
[SourceTitle "CB52_2023"]
[SourceDate "2023.12.27"]
[SourceVersion "1"]
[SourceVersionDate "2023.12.27"]
[SourceQuality "1"]

1. e4 e6 2. d4 d5 3. Nd2 c5 4. exd5 Qxd5 5. Ngf3 cxd4 6. Bc4 Qd7 7. 0-0 Nc6 8. Nb3 Nf6 9. Nbxd4 Nxd4 10. Nxd4 a6 11. a4 Bc5 12. c3 0-0 13. Re1 Rd8 14. Bg5 Bxd4 15. cxd4 Qxd4 16. Qe2 Bd7 17. Rad1 Qc5 18. Bxf6 gxf6 19. Rd3 Kf8 20. Rh3 Rac8 21. Bd3 Bc6 22. Rg3 Ke7 23. Bxh7 Rd5 24. Re3 f5 25. Qh5 Qd4 26. Rf3 Qg7 27. Bxf5 Re5 28. Rxe5 Bxf3 29. Qh4+ Ke8 0-1

[Event "North American-ch U20"]
[Site "Dulles"]
[Date "2023.12.20"]
[Round "4"]
[White "Vettese, Nicholas"]
[Black "Zhong, Ryan Yunhui"]
[Result "1-0"]
[WhiteElo "2229"]
[BlackElo "1822"]
[PlyCount "55"]
[EventDate "2023.12.19"]
[EventType "swiss"]
[EventRounds "9"]
[EventCountry "USA"]
[SourceTitle "CB52_2023"]
[SourceDate "2023.12.27"]
[SourceVersion "1"]
[SourceVersionDate "2023.12.27"]
[SourceQuality "1"]

1. e4 e6 2. d4 d5 3. Nd2 c5 4. exd5 Qxd5 5. Ngf3 cxd4 6. Bc4 Qd6 7. 0-0 Nf6 8. Nb3 Nc6 9. Nbxd4 Nxd4 10. Nxd4 Be7 11. b3 0-0 12. Bb2 Bd7 13. Qf3 Qb6 14. Rfe1 Bc5 15. Rad1 Rfe8 16. Qg3 Bd6 17. Qh4 Rad8 18. Nf3 Be7 19. Bd3 h6 20. Ne5 Bc6 21. Re3 Bc5 22. Nc4 Qc7 23. Rg3 Kf8 24. Rxg7 Ne4 25. Qxh6 Bxf2+ 26. Kh1 Rd5 27. Rxf7+ Kxf7 28. Qg7# 1-0

[Event "Titled Tuesday intern op 01st Aug Early"]
[Site "Chess.com INT"]
[Date "2023.08.01"]
[Round "11"]
[White "Golubev, Mikhail"]
[Black "Vettese, Nicholas"]
[Result "1-0"]
[WhiteElo "2461"]
[BlackElo "2220"]
[PlyCount "39"]
[EventDate "2023.08.01"]
[EventType "swiss (blitz)"]
[EventRounds "11"]
[EventCountry "USA"]
[SourceTitle "EXT 2024"]
[Source "ChessBase"]
[SourceDate "2023.10.10"]
[SourceVersion "1"]
[SourceVersionDate "2023.10.10"]
[SourceQuality "1"]

1. e4 c5 2. Nf3 e6 3. d4 cxd4 4. Nxd4 Nc6 5. Nc3 Qc7 6. Be3 a6 7. Bd3 Nf6 8. 0-0 Be7 9. f4 d6 10. Qf3 0-0 11. Rae1 Kh8 12. Qg3 Nxd4 13. Bxd4 b5 14. e5 dxe5 15. fxe5 Bc5 16. Bxc5 Qxc5+ 17. Kh1 Nd7 18. Qh4 g6 19. Ne4 Qxe5 20. Nf6 1-0

[Event "Titled Tuesday intern op 01st Aug Late"]
[Site "Chess.com INT"]
[Date "2023.08.01"]
[Round "4"]
[White "Vettese, Nicholas"]
[Black "Petesch, Gabriel N"]
[Result "1-0"]
[WhiteElo "2220"]
[BlackElo "2324"]
[PlyCount "81"]
[EventDate "2023.08.01"]
[EventType "swiss (blitz)"]
[EventRounds "11"]
[EventCountry "USA"]
[SourceTitle "EXT 2024"]
[Source "ChessBase"]
[SourceDate "2023.10.10"]
[SourceVersion "1"]
[SourceVersionDate "2023.10.10"]
[SourceQuality "1"]

1. e4 d6 2. d4 e5 3. Nf3 Nd7 4. Bc4 exd4 5. Nxd4 Ngf6 6. Nc3 g6 7. Bf4 Bg7 8. Qd2 0-0 9. 0-0-0 Nc5 10. f3 a6 11. g4 b5 12. Bb3 Bb7 13. h4 b4 14. Na4 Nfd7 15. h5 Qf6 16. hxg6 hxg6 17. g5 Qxd4 18. Qh2 Qxd1+ 19. Kxd1 Rfe8 20. Qh7+ Kf8 21. Rh6 Nxb3 22. axb3 Ne5 23. Ke2 a5 24. Kf2 Bc6 25. Kg3 Bb7 26. Be3 Bc6 27. Bd4 Bb7 28. f4 c5 29. Nxc5 dxc5 30. Bxc5+ Re7 31. Bxe7+ Kxe7 32. Qxg7 Nc6 33. Qf6+ Kd7 34. Qxf7+ Kd6 35. Rxg6+ Kc5 36. Qxb7 Rd8 37. Qxc6+ Kd4 38. Qb6+ Kxe4 39. Qxd8 a4 40. Re6+ Kf5 41. Qf6# 1-0

[Event "Titled Tuesday intern op 01st Aug Early"]
[Site "Chess.com INT"]
[Date "2023.08.01"]
[Round "10"]
[White "Vettese, Nicholas"]
[Black "Toropov, Pavel"]
[Result "1-0"]
[WhiteElo "2220"]
[BlackElo "2336"]
[PlyCount "71"]
[EventDate "2023.08.01"]
[EventType "swiss (blitz)"]
[EventRounds "11"]
[EventCountry "USA"]
[SourceTitle "EXT 2024"]
[Source "ChessBase"]
[SourceDate "2023.10.10"]
[SourceVersion "1"]
[SourceVersionDate "2023.10.10"]
[SourceQuality "1"]

1. e4 e6 2. d4 d5 3. Nd2 dxe4 4. Nxe4 Nd7 5. Nf3 Ngf6 6. Nxf6+ Nxf6 7. g3 b6 8. Bg2 Bb7 9. 0-0 Be7 10. a4 a6 11. c3 0-0 12. Ne5 Bxg2 13. Kxg2 Qd5+ 14. Qf3 Qxf3+ 15. Kxf3 c5 16. Be3 Rac8 17. a5 cxd4 18. Bxd4 b5 19. Rfd1 Rfd8 20. Bb6 Rxd1 21. Rxd1 Kf8 22. Nd7+ Ke8 23. Nxf6+ Bxf6 24. Ke4 Rc4+ 25. Ke3 g5 26. Kd3 g4 27. Rc1 Rc6 28. b3 Rd6+ 29. Ke2 Bg5 30. Rc2 Kd7 31. c4 Kc6 32. cxb5+ Kxb5 33. Rc5+ Kb4 34. Rxg5 f5 35. Rg7 Kxb3 36. Ra7 1-0

[Event "Charlotte Super op"]
[Site "Charlotte"]
[Date "2023.07.10"]
[Round "3"]
[White "Vettese, Nicholas"]
[Black "Mitkov, Nikola"]
[Result "1-0"]
[WhiteElo "2272"]
[BlackElo "2447"]
[PlyCount "115"]
[EventDate "2023.07.09"]
[EventType "swiss"]
[EventRounds "9"]
[EventCountry "USA"]
[SourceTitle "CBM 215 Extra"]
[Source "ChessBase"]
[SourceDate "2023.09.30"]
[SourceVersion "1"]
[SourceVersionDate "2023.09.30"]
[SourceQuality "1"]

1. e4 e5 2. Nf3 Nc6 3. d4 exd4 4. Nxd4 Bc5 5. Nb3 Bb6 6. Qe2 Nge7 7. Nc3 0-0 8. Be3 f5 9. 0-0-0 f4 10. Bxb6 axb6 11. Qd2 d6 12. a3 Ne5 13. f3 Kh8 14. Nd4 N7g6 15. Be2 c6 16. Nf5 Bxf5 17. exf5 Rxf5 18. Qxd6 Qxd6 19. Rxd6 Nh4 20. Na4 b5 21. Nc5 Nxg2 22. Nxb7 Rff8 23. Re6 Rfe8 24. Rxe8+ Rxe8 25. b3 Nh4 26. Rf1 g5 27. Nc5 Kg7 28. Kb2 Ra8 29. Nd3 Nd7 30. Ra1 Nb6 31. Nb4 Re8 32. Bd3 c5 33. Bxb5 Rc8 34. Nc6 Nxf3 35. h3 Kf6 36. a4 Nd5 37. a5 Nc7 38. Be2 Nh4 39. Bg4 Ra8 40. c3 Ra6 41. Nb8 Rd6 42. a6 Kg6 43. a7 h5 44. Bd7 f3 45. Bc6 Rd2+ 46. Ka3 Rd8 47. b4 cxb4+ 48. cxb4 f2 49. b5 Rd3+ 50. Kb4 Rd4+ 51. Ka5 Rd2 52. Kb6 Ra2 53. Rf1 Nxb5 54. Bxb5 g4 55. hxg4 hxg4 56. Na6 g3 57. a8Q g2 58. Qe4+ 1-0